Diffusion processes and stochastic calculus /

Bibliographic Details
Main Author: Baudoin, Fabrice
Format: Book
Language:English
Published: Zurich, Switzerland : European Mathematical Society, [2014]
Series:EMS textbooks in mathematics.
Subjects:

MARC

Tag First Indicator Second Indicator Subfields
LEADER 00000cam a2200000 i 4500
001 in00003458607
005 20151206104050.0
008 140815t20142014sz b 001 0 eng d
020 |a 9783037191330 
020 |a 3037191333 
035 |a (OCoLC)ocn887190196 
040 |a IPL  |e rda  |c IPL  |d YDX  |d TXA  |d UtOrBLW 
049 |a TXAM 
090 |a QA274  |b .B388 2014 
100 1 |a Baudoin, Fabrice. 
245 1 0 |a Diffusion processes and stochastic calculus /  |c Fabrice Baudoin. 
264 1 |a Zurich, Switzerland :  |b European Mathematical Society,  |c [2014] 
264 4 |c ©2014 
300 |a ix, 276 pages ;  |c 24 cm. 
336 |a text  |b txt  |2 rdacontent 
337 |a unmediated  |b n  |2 rdamedia 
338 |a volume  |b nc  |2 rdacarrier 
490 1 |a EMS textbooks in mathematics 
504 |a Includes bibliographical references (page [269]-273) and index. 
650 0 |a Stochastic processes. 
830 0 |a EMS textbooks in mathematics. 
945 |a PromptCat 
948 |a cataloged  |b h  |c 2014/8/26  |d c  |e dmitchel  |f 2:50:40 pm 
994 |a C0  |b TXA 
999 |a MARS 
999 f f |s d5e540fb-a8b6-3085-9c7c-81b0088af2e0  |i e735d23c-a32d-3181-9b43-134aca48941e  |t 0 
952 f f |p normal  |a Texas A&M University  |b College Station  |c Sterling C. Evans Library  |d Evans: Library Stacks  |t 0  |e QA274 .B388 2014  |h Library of Congress classification  |i unmediated -- volume  |m A14840387627 
998 f f |a QA274 .B388 2014  |t 0  |l Evans: Library Stacks